|
|
|
|
| LEADER |
00000nam a2200000 4500 |
| 001 |
vtls012256749 |
| 003 |
SK-MaSNL |
| 005 |
20260302063037.0 |
| 008 |
251112s1831 xr f ft 010 0 ger |
| 015 |
|
|
|a SNBHFA
|
| 040 |
|
|
|a SNKHF
|b slo
|c SNK
|e rda
|
| 041 |
0 |
|
|a ger
|
| 044 |
|
|
|a xr
|c CZ
|
| 072 |
|
7 |
|a 63
|x Poľnohospodárstvo a príbuzné oblasti vedy a techniky
|2 konspekt
|
| 080 |
|
|
|a 631
|2 2011
|
| 080 |
|
|
|a 636.09
|2 2011
|
| 080 |
|
|
|a 33
|2 2011
|
| 100 |
1 |
|
|a Nebbien, Heinrich,
|d 1778-1841
|4 aut
|4 dto
|9 372162
|
| 245 |
1 |
4 |
|a Die Einrichtungskunst der Landgüter, auf fortwährendes Steigen der Bodenrente.
|b aus einer zwanzigjährigen Praxis, an mehr als achtzig Gütern, in den verschiedensten Ländern und Klimaten Teutschlands, hiemit zu Grundriß und System gebracht.
|n Erster Band.
|p Grundsätze des Ganzen
|c von C. H. Nebbien
|
| 246 |
3 |
8 |
|a Nebbten Einrichtungskunst der Landgrer.
|
| 246 |
3 |
8 |
|a 1. 2. 3.
|
| 264 |
|
3 |
|a Prag
|b J. G. Calve'sche Buchhandlung
|c 1831
|
| 300 |
|
|
|a VIII, to jest 8, 231 strán
|c 8°
|c 20,5 × 13,5 cm
|
| 336 |
|
|
|a text
|b txt
|2 rdacontent
|
| 337 |
|
|
|a bez média
|b n
|2 rdamedia
|
| 338 |
|
|
|a zväzok
|b nc
|2 rdacarrier
|
| 500 |
|
|
|a Linky, tabuľky
|
| 501 |
|
|
|a Príväzok 1.: NEBBIEN, Heinrich. Die Einrichtungskunst der Landgüter, auf fortwährendes Steigen der Bodenrente, Zweiter Band. Prag: J. G. Calve'sche Buchhandlung, 1831.
|5 SNK IC 146162/1-3/prív.1
|
| 501 |
|
|
|a Príväzok 2.: NEBBIEN, Heinrich. Die Einrichtungskunst der Landgüter, auf fortwährendes Steigen der Bodenrente, Dritter Band. Prag: J. G. Calve'sche Buchhandlung, 1831.
|5 SNK IC 146162/1-3/prív.2
|
| 508 |
|
|
|a Dedikácia: Nebbien, Heinrich; Chotek, Karel - gróf z Chotkova a Vojnína
|
| 510 |
4 |
|
|a SKC
|c 005880602
|
| 546 |
|
|
|a Nemčina
|b Fraktúra
|
| 561 |
|
|
|a Proveniencia: Pečiatka Dr. E. Kadarász-vernot Poz Margity Zayovej.
|5 SNK IC 146162/1-3
|
| 563 |
|
|
|a Väzba: modro-žltá mramorovo-vzorovaná papierová lepenka na kartóne s hnedým koženým nárožím a chrbtom prefarbený na čierno s červeným a modrým papierikom, zlatá linajková slepotlač a text.
|5 SNK IC 146162/1-3
|
| 650 |
0 |
7 |
|a poľnohospodárstvo
|2 SNKPH
|9 679
|
| 650 |
0 |
7 |
|a ekonómia
|2 SNKPH
|9 788
|
| 650 |
0 |
7 |
|a farmári
|2 SNKPH
|9 29004
|
| 700 |
1 |
|
|a Chotek, Karel,
|c gróf z Chotkova a Vojnína,
|d 1783-1868
|4 hnr
|9 723760
|
| 700 |
1 |
|
|a Zaiová, Margita,
|d 1868-1937
|4 fmo
|9 186369
|
| 710 |
2 |
|
|a Calve'schen Buchhandlung (Praha, Česko)
|4 prt
|9 344329
|
| 752 |
|
|
|a Česko
|d Praha
|
| 852 |
|
|
|a Slovenská národná knižnica
|b Zaiova knižnica: Zay 7441 (Z 8775)
|p IC 146162/1-3
|
| 958 |
|
|
|a DF
|
| 958 |
|
|
|a ONDV
|
| 999 |
|
|
|c 1131321
|d 1133251
|
| 952 |
|
|
|t Zay 7441 (Z 8775)
|a SNK
|b SNK
|c SNK_HF
|y PREZ
|7 0
|p 17A1400613
|o snkIC 146162/1-3
|i snk2024/8253
|8 5
|z Kniha má dva príväzky.
|0 0
|1 0
|4 0
|d 2024-05-24
|l 0
|r 2026-02-24 19:02:13
|w 2026-02-24
|